| 000 | 01307cab a2200325 4500 | ||
|---|---|---|---|
| 001 | ABS44822 | ||
| 008 | 090401t1991 xxu||||| |||| 00| 0 eng d | ||
| 035 | _a(Sirsi) u49243 | ||
| 041 | _aeng | ||
| 245 | _aRefurbishment | ||
| 260 | _c1991 | ||
| 350 | _a0 | ||
| 490 |
_aBuilding _vSupplement 12 July 1991, 34 pages (LOAN) |
||
| 520 | _aThis special feature on refurbishment and restoration from the conservationist`s point of view looks at the role played by the professional institutions such as the RICS RIBA and the RTPI and special interest groups such as English Heritage and SAVE . Includes principles and techniques used in repairing old buildings , the restoration of the South Wing of Hampton Court Palace after fire damage. Case studies . | ||
| 650 | _aANCIENT MONUMENTS SOCIETY | ||
| 650 | _aCONSERVATION AREAS | ||
| 650 | _aCOUNCIL FOR BRITISH ARCHAEOLOGY | ||
| 650 | _aDOE CIRCULAR 08/1987 | ||
| 650 | _aGEORGIAN GROUP | ||
| 650 | _aHISTORIC BUILDINGS AND ANCIENT MONUMENTS ACT 1953 | ||
| 650 | _aLISTED BUILDINGS | ||
| 650 | _aPLANNING LISTED BUILDING AND CONSERVATION AREAS ACT 1990 | ||
| 650 | _aROYAL COMMISSION ON HISTORIC MONUMENTS | ||
| 650 | _aSPAB | ||
| 650 | _aSTATISTICS | ||
| 650 | _aUNDERPINNING | ||
| 690 | _aCON | ||
| 942 | _n0 | ||
| 948 | _c04/03/1997 | ||
| 999 |
_c30816 _d30816 |
||